Les danses dans les chansons - Statistiques

Statistiques générales
  • Ce quiz a été pris 193 fois
  • Le résultat moyen est 9 sur 14
Statistiques - réponses
Interprète Danse % Correct
Jacques Brel : La ----- à 1000 temps Valse
96%
Le grand orchestre du Splendid : La ----- du démon Salsa
90%
Thierry Hazard : Le ---- Jerk
75%
Juliette Armanet : Le dernier jour du ----- Disco
71%
Lou Bega : ----- N°5 Mambo
69%
Bellini : ----- de Janeiro Samba
66%
Tino Rossi : Le plus beau ----- du monde Tango
62%
Eddy Mitchell : Pas de ------ ------ Boogie woogie
61%
Michael Jackson : ---- with you Rock
54%
Los Del Rio : La -------- Macarena
53%
Joe Dassin ; Le dernier ---- Slow
45%
Alain Souchon ; Y a d'la ----- dans l'air Rumba
44%
Les chats sauvages : ----- à St Tropez Twist
38%
Kaoma : La ------- Lambada
35%
Aucun quiz correspondant
Distribution des résultats
% des personnes avec chaque résultat
Percentile par nombre de réponses
Votre historique - résultats
Vous n’avez pas pris ce quiz